Cartilla de la lengua universal (Record no. 165602)

MARC details
000 -LEADER
campo de control de longitud fija 00717nam a2200157 i 4500
001 - NÚMERO DE CONTROL
campo de control 165602
003 - IDENTIFICADOR DE NÚMERO DE CONTROL
campo de control ES-MaACL
005 - FECHA Y HORA DE LA ÚLTIMA TRANSACCIÓN
campo de control 20230906213154.0
008 - DATOS DE LONGITUD FIJA--INFORMACIÓN GENERAL
campo de control de longitud fija 020511s1863 sp |||| | spa d
100 1# - ENTRADA PRINCIPAL--NOMBRE DE PERSONA
Nombre de persona Sotos Ochando, Bonifacio.
9 (RLIN) 107547
245 10 - MENCIÓN DEL TÍTULO
Título Cartilla de la lengua universal
Resto del título : va precedida de un método práctico para prepararse al estudio de esta lengua en poquísimo tiempo /
Mención de responsabilidad, etc. por Bonifacio Sotos Ochando.
260 ## - PUBLICACIÓN, DISTRIBUCIÓN, ETC.
Lugar de publicación, distribución, etc. Madrid :
Nombre del editor, distribuidor, etc. [s.n.],
Fecha de publicación, distribución, etc. 1863 (
Fabricante Imp. de J. Martín Alegría)
300 ## - DESCRIPCIÓN FÍSICA
Extensión 47 p. ;
Dimensiones 19 cm.
650 #4 - PUNTO DE ACCESO ADICIONAL DE MATERIA--TÉRMINO DE MATERIA
Término de materia o nombre geográfico como elemento de entrada Lenguas artificiales.
9 (RLIN) 136381
852 ## - LOCALIZACIÓN
Ubicación ES-MaACL
Número de control de estantería T-719-F-4
Nota libre - Enc. hol., conservando cub. original
-- . - Ex-libris ms. de Gustavo Sáenz Díez
-- - Enc. en un vol. facticio
Holdings
Estatus retirado Estado de pérdida Estado de daño No para préstamo Colección Biblioteca de origen Biblioteca actual Ubicación en estantería Fecha de adquisición Total de préstamos Signatura topográfica completa Código de barras Visto por última vez Precio de reemplazo Tipo de ítem Koha
        Colección de folletos Biblioteca del Ateneo de Madrid Biblioteca del Ateneo de Madrid Depósito folletos 17/01/2008   T-719-F-4 1173669 23/02/2023 23/02/2023 Folleto